Egg Words Quiz Stats

 Plays Quiz Updated Oct 30, 2018

Score 0/15 Timer 06:00
0 Plays Today
Hint Word % Correct
Obsolete or having died out like dinosaurs or disco.EGGS-tinct (Extinct)
91.5%
To inspect closely.EGGS-amine (Examine)
88.1%
Marked by strict, particular, and complete accordance with fact or a standard; precise.EGGS-act (Exact)
83%
To enlarge beyond bounds or the truth; to overstate.EGGS-aggerate (Exaggerate)
73.2%
Possessing outstanding quality or superior merit; remarkably good.EGGS-ellent (Excellent)
72.1%
Inflammatory condition of the skin characterized by redness and itching.EGGS-ema (Eczema)
70.1%
To dig (something buried, esp. a dead body) out of the earth.EGGS-hume (Exhume)
69.9%
Philosophy that emphasizes the uniqueness and isolation of the individual experience in an indifferent universe.EGGS-istential (Existential)
50.7%
Hint Word % Correct
To glorify, praise, or honor.EGGS-alt (Exalt)
47.8%
To show or illustrate by depiction; epitomize.EGGS-emplify (Exemplify)
46.1%
To clear from accusation or blame.EGGS-onerate (Exonerate)
44.7%
Testing all possibilities or considering all elements.EGGS-austive (Exhaustive)
35.3%
To make more violent, bitter, or severe.EGGS-acerbate (Exacerbate)
29.6%
To cause irritation or annoyance to.EGGS-asperate (Exasperate)
11.5%
To give urgent advice, recommendations, or warnings.EGGS-ort (Exhort)
9.7%

You're not logged in!

Compare scores with friends on all Sporcle quizzes.
OR
Log In

Sporcle TV

Today on Sporcle TV


Watch our educational content, quiz creation guides, and fun videos on Sporcle TV.

Show Comments

Extras

Top Quizzes Today


Score Distribution

Your Account Isn't Verified!

In order to create a playlist on Sporcle, you need to verify the email address you used during registration. Go to your Sporcle Settings to finish the process.

Report this User

Report this user for behavior that violates our Community Guidelines.

Details: